| Tag |
First Indicator |
Second Indicator |
Subfields |
| LEADER |
00000cas a2200000 a 4500 |
| 001 |
in00001237691 |
| 005 |
20151003071843.0 |
| 008 |
820616d18411852stk x p 0 a0eng |
| 010 |
|
|
|a 09011890
|
| 019 |
|
|
|a 09865200
|a 13969697
|
| 035 |
|
|
|a (OCoLC)08524184
|
| 035 |
|
|
|9 AGT5311AM
|
| 040 |
|
|
|a DLC
|c BXM
|d BXM
|d OCL
|d TXA
|d UtOrBLW
|
| 043 |
|
|
|a e-uk-st
|
| 049 |
|
|
|a TXAE
|
| 050 |
0 |
0 |
|a DA750
|b .S82
|
| 245 |
0 |
4 |
|a The Miscellany of the Spalding Club.
|
| 264 |
|
3 |
|a Aberdeen [Grampian] :
|b Printed for the Club,
|c 1841-1852.
|
| 300 |
|
|
|a 5 volumes :
|b facsimiles ;
|c 26 cm.
|
| 336 |
|
|
|a text
|b txt
|2 rdacontent
|
| 337 |
|
|
|a unmediated
|b n
|2 rdamedia
|
| 338 |
|
|
|a volume
|b nc
|2 rdacarrier
|
| 362 |
0 |
|
|a Vol. 1 (1841)-v. 5 (1852).
|
| 490 |
0 |
|
|a [Publication / Spalding Club ;
|v 3, 6, 16, 20, 24]
|
| 500 |
|
|
|a Edited by John Stuart.
|
| 500 |
|
|
|a Title from cover.
|
| 651 |
|
0 |
|a Scotland
|x History
|x Sources.
|
| 700 |
1 |
|
|a Stuart, John,
|d 1813-1877.
|
| 710 |
2 |
|
|a Spalding Club (Aberdeen, Scotland)
|
| 785 |
0 |
0 |
|t Miscellany of the New Spalding Club.
|
| 999 |
|
|
|a MARS
|
| 999 |
f |
f |
|s 6d16f198-b81d-386b-9200-e90bcb727871
|i 6b1f2812-8bcb-3b8e-ab1a-ad4f64bae207
|t 0
|
| 952 |
f |
f |
|p ric
|a Texas A&M University
|b Rellis Campus
|c Joint Library Facility
|d Remote Storage
|t 0
|e DA750 .S82
|h Library of Congress classification
|i unmediated -- volume
|k v.2
|l 1842
|m A14818688495
|
| 952 |
f |
f |
|p ric
|a Texas A&M University
|b Rellis Campus
|c Joint Library Facility
|d Remote Storage
|t 0
|e DA750 .S82
|h Library of Congress classification
|i unmediated -- volume
|k v.5
|l 1852
|m A14818688380
|
| 952 |
f |
f |
|p ric
|a Texas A&M University
|b Rellis Campus
|c Joint Library Facility
|d Remote Storage
|t 0
|e DA750 .S82
|h Library of Congress classification
|i unmediated -- volume
|k v.3
|l 1846
|m A14818688437
|
| 952 |
f |
f |
|p ric
|a Texas A&M University
|b Rellis Campus
|c Joint Library Facility
|d Remote Storage
|t 0
|e DA750 .S82
|h Library of Congress classification
|i unmediated -- volume
|k v.4
|l 1849
|m A14818688445
|
| 952 |
f |
f |
|p ric
|a Texas A&M University
|b Rellis Campus
|c Joint Library Facility
|d Remote Storage
|t 0
|e DA750 .S82
|h Library of Congress classification
|i unmediated -- volume
|k v.1
|l 1841
|m A14818688186
|
| 998 |
f |
f |
|a DA750 .S82
|s v.1 (1841)-v.5 (1952)
|t 0
|l Remote Storage
|